000
00223 a2200097 4500
001
11995
100
_a
Barghoorn, F.
245
_a
The soveit cultural offensive
260
_a
_b
Princetion new jersy
_c
090
_c
9247
_d
9247
942
_a
NUST-CAE
_c
M
_c
36097
999
_c
247068
_d
247068